5HLuxD.jpg

KING HENRY VIII SENIOR AND PRIMARY SCHOOL LIBRARY OPAC

Big Nate boredom buster / (Record no. 1850)

000 -LEADER
fixed length control field 00747nam a2200241 a 4500
001 - CONTROL NUMBER
control field 017680564
003 - CONTROL NUMBER IDENTIFIER
control field UkOxU
005 - DATE AND TIME OF LATEST TRANSACTION
control field 20230208083037.0
008 - FIXED-LENGTH DATA ELEMENTS--GENERAL INFORMATION
fixed length control field 110616s2011 enka||| | |||| ||eng d
020 ## - INTERNATIONAL STANDARD BOOK NUMBER
International Standard Book Number 9780007432394 (pbk.)
035 ## - SYSTEM CONTROL NUMBER
System control number (StEdALDL)1/2621734
040 ## - CATALOGING SOURCE
Original cataloging agency StEdALDL
Transcribing agency StEdALDL
Modifying agency UkOxU
-- KH8
082 ## - DEWEY DECIMAL CLASSIFICATION NUMBER
Classification number 793.01922 PEI
100 1# - MAIN ENTRY--PERSONAL NAME
Personal name Peirce, Lincoln.
Relator term author
245 10 - TITLE STATEMENT
Title Big Nate boredom buster /
Statement of responsibility, etc. Lincoln Peirce.
246 30 - VARYING FORM OF TITLE
Title proper/short title Boredom buster.
260 ## - PUBLICATION, DISTRIBUTION, ETC.
Place of publication, distribution, etc. London :
Name of publisher, distributor, etc. Harper Collins Children's Books,
Date of publication, distribution, etc. 2011.
300 ## - PHYSICAL DESCRIPTION
Extent 1 v. :
Other physical details ill. ;
Dimensions 20 cm.
650 #0 - SUBJECT ADDED ENTRY--TOPICAL TERM
Topical term or geographic name entry element Big Nate (Fictitious character)
Form subdivision Juvenile fiction
650 #0 - SUBJECT ADDED ENTRY--TOPICAL TERM
Topical term or geographic name entry element Amusements
Form subdivision Juvenile literature.
650 #0 - SUBJECT ADDED ENTRY--TOPICAL TERM
Topical term or geographic name entry element Games
Form subdivision Juvenile literature.
942 ## - ADDED ENTRY ELEMENTS (KOHA)
Source of classification or shelving scheme
Koha item type Books - Non Ficton
Holdings
Withdrawn status Lost status Source of classification or shelving scheme Damaged status Not for loan Collection code Permanent Location Current Location Shelving location Date acquired Total Checkouts Full call number Barcode Date due Date last seen Date last checked out Price effective from Koha item type
          Non-Fiction KH8 Primary School Library KH8 Primary School Library Non Fiction 2023-02-08 6 793.01922 PEI KHPL000003599 2025-04-16 2025-04-16 2025-04-16 2023-02-08 Books - Non Ficton

Powered By KH8 IT Dept